Tilastot visalle Kiinan maakuntatason alueet

Klikkaa tästä pelataksesi tätä visaa!

Yleistilastot

  • Tätä visaa on pelattu 227 kertaa
  • Keskiarvotulos 19 / 33

Vastaukset kartalla

Vastauksille on annettu kartalla punavihreä väri sen mukaan, kuinka moni on saanut sen oikein.
 

Vastaustilastot

TyyppiProvinssi tai alue% Oikein
KuntaPeking
95%
KuntaShanghai
92%
ErityishallintoalueHongkong
87%
Autonominen alueTiibet
76%
ErityishallintoalueMacao
67%
Autonominen alueSisä-Mongolia
67%
ProvinssiHainan
62%
ProvinssiHubei
61%
ProvinssiSichuan
59%
KuntaTianjin
58%
ProvinssiHunan
57%
ProvinssiGuangdong
56%
ProvinssiHebei
56%
ProvinssiHenan
55%
Autonominen alueXinjiang
55%
ProvinssiYunnan
55%
ProvinssiShanxi
53%
ProvinssiShaanxi
52%
ProvinssiShandong
52%
Autonominen alueGuangxi
51%
ProvinssiAnhui
50%
KuntaChongqing
50%
ProvinssiFujian
50%
ProvinssiGansu
50%
ProvinssiJilin
50%
ProvinssiQinghai
50%
ProvinssiHeilongjiang
48%
ProvinssiLiaoning
46%
ProvinssiGuizhou
45%
ProvinssiJiangsu
45%
ProvinssiJiangxi
44%
Autonominen alueNingxia
44%
ProvinssiZhejiang
41%

Tulosjakauma

Persentiili vastausten määrän mukaan

Jokaisen tuloksen saaneiden osuus

Tuloshistoriasi

Et ole pelannut tätä visaa